[Event "25th European Club Cup Women 2021"]
[Site "Struga"]
[Date "2021.09.21"]
[Round "4.2"]
[White "Atalik, Ekaterina"]
[Black "Heinemann, Josefine"]
[Result "1/2-1/2"]
[WhiteElo "2429"]
[BlackElo "2292"]
[Annotator "ChessBase"]
[PlyCount "147"]
[EventDate "2021.09.18"]
[EventType "team-tourn"]
[EventCountry "MKD"]
[SourceTitle "playchess.com"]
[Source "ChessBase"]
[SourceQuality "1"]
[TimeControl "40/5400+30:1800+30"]

1. d4 {[%emt 0:00:09]} Nf6 {[%emt 0:00:05]} 2. Nf3 {[%emt 0:00:22]} e6 {
[%emt 0:00:17]} 3. Bf4 {[%emt 0:02:03]} d5 {[%emt 0:00:10]} 4. e3 {[%emt 0:00:
43]} Bd6 {[%emt 0:00:08]} 5. Nbd2 {[%emt 0:00:18]} O-O {[%emt 0:00:37]} 6. Bd3
{[%emt 0:00:18]} b6 {[%emt 0:02:34]} 7. O-O {[%emt 0:00:46]} Bxf4 {[%emt 0:04:
33]} 8. exf4 {[%emt 0:00:05]} c5 {[%emt 0:00:12]} 9. c3 {[%emt 0:00:25]} Ba6 {
[%emt 0:01:23]} 10. Bxa6 {[%emt 0:05:27]} Nxa6 {[%emt 0:00:05]} 11. Qa4 {
[%emt 0:02:51]} Nb8 {[%emt 0:03:23]} 12. Ne5 {[%emt 0:02:33]} Qd6 {[%emt 0:06:
05]} 13. Ndf3 {[%emt 0:02:47]} Nfd7 {[%emt 0:03:32]} 14. Rfe1 {[%emt 0:02:54]}
f6 {[%emt 0:05:59]} 15. Nxd7 {[%emt 0:01:49]} Nxd7 {[%emt 0:00:06]} 16. Re2 {
[%emt 0:06:13]} Rf7 {[%emt 0:07:22]} 17. Rae1 {[%emt 0:03:00]} Nf8 {[%emt 0:02:
54]} 18. g3 {[%emt 0:02:25]} Rc7 {[%emt 0:05:28]} 19. Qc2 {[%emt 0:06:27]} g6 {
[%emt 0:02:41]} 20. Qd3 {[%emt 0:06:18]} a6 {[%emt 0:52:56]} 21. h4 {[%emt 0:
04:36]} h5 {[%emt 0:00:00]} 22. dxc5 {[%emt 0:06:31]} bxc5 {[%emt 0:00:00]} 23.
Rd1 {[%emt 0:00:49]} a5 {[%emt 0:00:00]} 24. Ne1 {[%emt 0:00:49]} Qa6 {[%emt 0:
00:00]} 25. Qf3 {[%emt 0:03:47]} Rb8 {[%emt 0:00:00]} 26. Rdd2 {[%emt 0:09:55]}
c4 {[%emt 0:00:00]} 27. Ng2 {[%emt 0:07:03]} Rb6 {[%emt 0:00:00]} 28. f5 {
[%emt 0:04:02]} gxf5 {[%emt 0:00:00]} 29. Nf4 {[%emt 0:00:52]} Rf7 {[%emt 0:00:
00]} 30. Qxh5 {[%emt 0:02:03]} Qb7 {[%emt 0:00:00]} 31. Qh6 {[%emt 0:08:38]}
Rd6 {[%emt 0:00:00]} 32. Ng6 {[%emt 0:02:48]} Nxg6 {[%emt 0:00:00]} 33. Qxg6+ {
[%emt 0:00:05]} Kf8 {[%emt 0:00:00]} 34. Qh6+ {[%emt 0:02:01]} Kg8 {[%emt 0:00:
00]} 35. Rd1 {[%emt 0:01:49]} Rb6 {[%emt 0:00:00]} 36. Rde1 {[%emt 0:01:13]}
Qd7 {[%emt 0:00:00]} 37. Qe3 {[%emt 0:01:04]} Rc6 {[%emt 0:00:11]} 38. Qh6 {
[%emt 0:01:13]} e5 {[%emt 0:01:28]} 39. Rd1 {[%emt 0:01:10]} Rg7 {[%emt 0:01:
56]} 40. Kh2 {[%emt 0:00:00]} f4 {[%emt 0:00:00]} 41. Qh5 {[%emt 0:03:17]}
fxg3+ {[%emt 0:06:39]} 42. fxg3 {[%emt 0:00:12]} Rd6 {[%emt 0:00:51]} 43. Red2
{[%emt 0:09:49]} Qe6 {[%emt 0:02:07]} 44. Qf3 {[%emt 0:02:30]} Rgd7 {[%emt 0:
00:29]} 45. Re1 {[%emt 0:04:00]} Rb6 {[%emt 0:07:14]} 46. g4 {[%emt 0:05:02]}
Rbd6 {[%emt 0:03:27]} 47. Qg3 {[%emt 0:05:29]} Rg7 {[%emt 0:01:44]} 48. Rg2 {
[%emt 0:01:58]} d4 {[%emt 0:02:20]} 49. cxd4 {[%emt 0:00:53]} Rxd4 {[%emt 0:00:
06]} 50. g5 {[%emt 0:01:15]} Rd3 {[%emt 0:01:16]} 51. Re3 {[%emt 0:02:01]} Rxe3
{[%emt 0:04:57]} 52. Qxe3 {[%emt 0:00:04]} fxg5 {[%emt 0:00:09]} 53. Rxg5 {
[%emt 0:01:00]} Rxg5 {[%emt 0:00:45]} 54. Qxg5+ {[%emt 0:00:04]} Kh7 {[%emt 0:
00:13]} 55. Kg3 {[%emt 0:00:40]} Qd5 {[%emt 0:01:07]} 56. Qf5+ {[%emt 0:00:49]}
Kh6 {[%emt 0:02:46]} 57. Qg5+ {[%emt 0:00:31]} Kh7 {[%emt 0:00:04]} 58. Qe3 {
[%emt 0:00:28]} a4 {[%emt 0:02:06]} 59. Kf2 {[%emt 0:00:43]} Qd4 {[%emt 0:01:
08]} 60. Kf3 {[%emt 0:00:26]} Qxb2 {[%emt 0:01:17]} 61. Qe4+ {[%emt 0:00:06]}
Kg7 {[%emt 0:00:34]} 62. Qxc4 {[%emt 0:00:08]} a3 {[%emt 0:00:53]} 63. Ke4 {
[%emt 0:00:42]} Kh6 {[%emt 0:01:03]} 64. Kf5 {[%emt 0:00:48]} Qf2+ {[%emt 0:01:
35]} 65. Kxe5 {[%emt 0:00:10]} Qg3+ {[%emt 0:00:36]} 66. Kd5 {[%emt 0:00:46]}
Kh5 {[%emt 0:00:42]} 67. Kc5 {[%emt 0:00:27]} Qc7+ {[%emt 0:00:47]} 68. Kb4 {
[%emt 0:00:20]} Qxc4+ {[%emt 0:00:08]} 69. Kxc4 {[%emt 0:00:12]} Kxh4 {[%emt 0:
00:01]} 70. Kb3 {[%emt 0:00:07]} Kg5 {[%emt 0:00:03]} 71. Kxa3 {[%emt 0:00:06]}
Kf6 {[%emt 0:00:02]} 72. Kb4 {[%emt 0:00:09]} Ke7 {[%emt 0:00:03]} 73. Kb5 {
[%emt 0:00:21]} Kd7 {[%emt 0:00:07]} 74. Kb6 {[%emt 0:03:36]} 1/2-1/2

[Event "25th European Club Cup Women 2021"]
[Site "Struga"]
[Date "2021.09.21"]
[Round "4.3"]
[White "Dordzhieva, Dinara"]
[Black "Bulmaga, Irina"]
[Result "1/2-1/2"]
[WhiteElo "2303"]
[BlackElo "2407"]
[Annotator "NA"]
[PlyCount "84"]
[EventDate "2021.09.18"]
[EventType "team-tourn"]
[EventCountry "MKD"]
[SourceTitle "playchess.com"]
[Source "ChessBase"]
[SourceQuality "1"]
[TimeControl "40/5400+30:1800+30"]

1. d4 {[%emt 0:00:03]} Nf6 {[%emt 0:00:07]} 2. c4 {[%emt 0:00:10]} e6 {[%emt 0:
00:07]} 3. Nf3 {[%emt 0:00:15]} d5 {[%emt 0:00:08]} 4. g3 {[%emt 0:00:06]} dxc4
{[%emt 0:00:20]} 5. Bg2 {[%emt 0:00:11]} a6 {[%emt 0:00:17]} 6. O-O {[%emt 0:
12:25]} Nc6 {[%emt 0:00:58]} 7. Be3 {[%emt 0:00:12]} Nd5 {[%emt 0:11:07]} 8.
Qc1 {[%emt 0:03:38]} Nxe3 {[%emt 0:03:48]} 9. fxe3 {[%emt 0:00:03]} Be7 {
[%emt 0:14:30]} 10. Nbd2 {[%emt 0:10:25]} O-O {[%emt 0:06:57]} 11. Nxc4 {
[%emt 0:00:16]} Rb8 {[%emt 0:11:02]} 12. a3 {[%emt 0:04:43]} f6 {[%emt 0:02:19]
} 13. Qc2 {[%emt 0:01:59]} Bd7 {[%emt 0:01:19]} 14. Ncd2 {[%emt 0:06:07]} Bd6 {
[%emt 0:02:01]} 15. Ne4 {[%emt 0:07:45]} Qe7 {[%emt 0:00:38]} 16. Rac1 {
[%emt 0:05:35]} e5 {[%emt 0:04:08]} 17. Nc5 {[%emt 0:03:44]} Bg4 {[%emt 0:10:
09]} 18. Nxb7 {[%emt 0:19:56]} Rxb7 {[%emt 0:01:38]} 19. Qxc6 {[%emt 0:00:05]}
Rxb2 {[%emt 0:02:13]} 20. dxe5 {[%emt 0:05:28]} Bxf3 {[%emt 0:04:52]} 21. exf3
{[%emt 0:04:37]} Qxe5 {[%emt 0:03:01]} 22. Qc3 {[%emt 0:01:05]} Qb5 {[%emt 0:
01:22]} 23. a4 {[%emt 0:02:21]} Qe2 {[%emt 0:02:12]} 24. Qc4+ {[%emt 0:00:06]}
Qxc4 {[%emt 0:00:05]} 25. Rxc4 {[%emt 0:00:04]} Rfb8 {[%emt 0:05:17]} 26. Rf2 {
[%emt 0:03:20]} Rxf2 {[%emt 0:00:34]} 27. Kxf2 {[%emt 0:00:04]} Rb2+ {[%emt 0:
00:08]} 28. Kg1 {[%emt 0:03:05]} Re2 {[%emt 0:01:20]} 29. Rc3 {[%emt 0:00:53]}
a5 {[%emt 0:00:45]} 30. Bf1 {[%emt 0:00:47]} Re1 {[%emt 0:00:03]} 31. Kf2 {
[%emt 0:00:51]} Ra1 {[%emt 0:00:03]} 32. Rc4 {[%emt 0:02:46]} Ra2+ {[%emt 0:00:
20]} 33. Be2 {[%emt 0:00:07]} Kf8 {[%emt 0:00:08]} 34. f4 {[%emt 0:00:56]} Ke7
{[%emt 0:00:47]} 35. Kf3 {[%emt 0:00:13]} Kd8 {[%emt 0:01:11]} 36. h4 {[%emt 0:
00:27]} c5 {[%emt 0:03:29]} 37. Re4 {[%emt 0:01:26]} f5 {[%emt 0:01:44]} 38.
Re6 {[%emt 0:01:10]} Kc7 {[%emt 0:04:26]} 39. Bb5 {[%emt 0:00:05]} Rc2 {
[%emt 0:01:22]} 40. e4 {[%emt 0:00:00]} Rc3+ {[%emt 0:00:00]} 41. Kg2 {[%emt 0:
01:54]} fxe4 {[%emt 0:06:57]} 42. Rxe4 {[%emt 0:00:06]} Rb3 {[%emt 0:01:57]}
1/2-1/2

[Event "25th European Club Cup Women 2021"]
[Site "Struga"]
[Date "2021.09.21"]
[Round "4.4"]
[White "Stojkovska, Monika"]
[Black "Trippold, Denise"]
[Result "0-1"]
[WhiteElo "2081"]
[BlackElo "2046"]
[Annotator "NA"]
[PlyCount "68"]
[EventDate "2021.09.18"]
[EventType "team-tourn"]
[EventCountry "MKD"]
[SourceTitle "playchess.com"]
[Source "ChessBase"]
[SourceQuality "1"]
[TimeControl "40/5400+30:1800+30"]

1. e4 {[%emt 0:00:04]} c5 {[%emt 0:00:11]} 2. Nf3 {[%emt 0:00:05]} e6 {[%emt 0:
00:12]} 3. d4 {[%emt 0:00:13]} cxd4 {[%emt 0:00:06]} 4. Nxd4 {[%emt 0:00:05]}
Nc6 {[%emt 0:00:12]} 5. Nc3 {[%emt 0:00:21]} Qc7 {[%emt 0:00:21]} 6. Be3 {
[%emt 0:00:36]} a6 {[%emt 0:00:11]} 7. Qd2 {[%emt 0:00:09]} Nf6 {[%emt 0:01:18]
} 8. f3 {[%emt 0:00:17]} b5 {[%emt 0:02:06]} 9. g4 {[%emt 0:01:58]} Nxd4 {
[%emt 0:10:31]} 10. Bxd4 {[%emt 0:02:28]} Bb7 {[%emt 0:01:19]} 11. O-O-O {
[%emt 0:01:10]} Be7 {[%emt 0:02:20]} 12. h4 {[%emt 0:02:08]} b4 {[%emt 0:08:50]
} 13. Ne2 {[%emt 0:06:32]} Rc8 {[%emt 0:07:28]} 14. Bg2 {[%emt 0:27:11]} O-O {
[%emt 0:10:22]} 15. g5 {[%emt 0:07:37]} Nh5 {[%emt 0:02:41]} 16. Kb1 {[%emt 0:
06:45]} e5 {[%emt 0:21:55]} 17. Be3 {[%emt 0:02:05]} d5 {[%emt 0:02:26]} 18.
Rc1 {[%emt 0:16:52]} Rcd8 {[%emt 0:07:53]} 19. Qe1 {[%emt 0:01:04]} a5 {
[%emt 0:03:00]} 20. Qf2 {[%emt 0:02:50]} d4 {[%emt 0:04:01]} 21. Bd2 {[%emt 0:
00:04]} Bd6 {[%emt 0:01:58]} 22. Bh3 {[%emt 0:07:14]} a4 {[%emt 0:00:46]} 23.
Bg4 {[%emt 0:01:30]} Nf4 {[%emt 0:00:11]} 24. h5 {[%emt 0:05:38]} Qe7 {[%emt 0:
10:04]} 25. Bxf4 {[%emt 0:04:44]} exf4 {[%emt 0:00:02]} 26. Qh4 {[%emt 0:00:51]
} Qe5 {[%emt 0:01:39]} 27. g6 {[%emt 0:01:01]} Ba6 {[%emt 0:00:21]} 28. gxh7+ {
[%emt 0:00:39]} Kh8 {[%emt 0:00:05]} 29. Ng1 {[%emt 0:00:59]} a3 {[%emt 0:00:
33]} 30. h6 {[%emt 0:01:42]} d3 {[%emt 0:01:30]} 31. hxg7+ {[%emt 0:00:03]}
Qxg7 {[%emt 0:00:06]} 32. c3 {[%emt 0:00:37]} d2 {[%emt 0:00:24]} 33. Nh3 {
[%emt 0:00:47]} dxc1=Q+ {[%emt 0:00:30]} 34. Rxc1 {[%emt 0:00:40]} Bd3+ {
[%emt 0:00:06]} 0-1

[Event "25th European Club Cup Women 2021"]
[Site "Struga"]
[Date "2021.09.21"]
[Round "4.5"]
[White "Muzychuk, Anna"]
[Black "Peycheva, Gergana"]
[Result "1-0"]
[WhiteElo "2534"]
[BlackElo "2331"]
[Annotator "ChessBase"]
[PlyCount "71"]
[EventDate "2021.09.18"]
[EventType "team-tourn"]
[EventCountry "MKD"]
[SourceTitle "playchess.com"]
[Source "ChessBase"]
[SourceQuality "1"]
[TimeControl "40/5400+30:1800+30"]

1. e4 {[%emt 0:00:03]} c6 {[%emt 0:00:17]} 2. d4 {[%emt 0:00:16]} d5 {[%emt 0:
00:08]} 3. e5 {[%emt 0:00:07]} Bf5 {[%emt 0:00:36]} 4. c4 {[%emt 0:00:21]} e6 {
[%emt 0:01:33]} 5. Nc3 {[%emt 0:00:08]} h6 {[%emt 0:05:21]} 6. Nge2 {[%emt 0:
03:21]} Ne7 {[%emt 0:01:17]} 7. Ng3 {[%emt 0:01:49]} Bh7 {[%emt 0:03:31]} 8.
Be3 {[%emt 0:01:26]} Nd7 {[%emt 0:01:42]} 9. c5 {[%emt 0:05:39]} b6 {[%emt 0:
09:57]} 10. b4 {[%emt 0:00:57]} bxc5 {[%emt 0:05:22]} 11. bxc5 {[%emt 0:00:22]}
Qa5 {[%emt 0:04:46]} 12. Qd2 {[%emt 0:03:33]} Nf5 {[%emt 0:00:51]} 13. Nxf5 {
[%emt 0:04:21]} Bxf5 {[%emt 0:00:53]} 14. Be2 {[%emt 0:00:48]} Be7 {[%emt 0:03:
35]} 15. O-O {[%emt 0:02:14]} Rb8 {[%emt 0:01:16]} 16. g4 {[%emt 0:12:10]} Bh7
{[%emt 0:01:51]} 17. f4 {[%emt 0:00:44]} h5 {[%emt 0:11:05]} 18. f5 {[%emt 0:
02:16]} hxg4 {[%emt 0:03:51]} 19. fxe6 {[%emt 0:32:18]} fxe6 {[%emt 0:04:55]}
20. Nxd5 {[%emt 0:01:39]} Qxd2 {[%emt 0:16:19]} 21. Nc7+ {[%emt 0:00:33]} Kd8 {
[%emt 0:00:04]} 22. Nxe6+ {[%emt 0:00:08]} Ke8 {[%emt 0:00:02]} 23. Nxg7+ {
[%emt 0:02:37]} Kd8 {[%emt 0:00:04]} 24. Ne6+ {[%emt 0:01:09]} Ke8 {[%emt 0:00:
05]} 25. Bxd2 {[%emt 0:04:10]} Bh4 {[%emt 0:01:15]} 26. Bxg4 {[%emt 0:07:25]}
Rg8 {[%emt 0:00:11]} 27. h3 {[%emt 0:00:15]} Rb2 {[%emt 0:00:26]} 28. Be1 {
[%emt 0:01:01]} Be4 {[%emt 0:05:36]} 29. Nc7+ {[%emt 0:00:33]} Kd8 {[%emt 0:00:
05]} 30. Bxh4+ {[%emt 0:00:29]} Kxc7 {[%emt 0:00:04]} 31. Rf2 {[%emt 0:00:26]}
Rxf2 {[%emt 0:01:31]} 32. Kxf2 {[%emt 0:00:07]} Rf8+ {[%emt 0:01:45]} 33. Ke3 {
[%emt 0:00:29]} Bd5 {[%emt 0:00:38]} 34. Be7 {[%emt 0:00:17]} Rg8 {[%emt 0:01:
15]} 35. Bd6+ {[%emt 0:00:07]} Kd8 {[%emt 0:00:06]} 36. Rb1 {[%emt 0:00:08]}
1-0

[Event "25th European Club Cup Women 2021"]
[Site "Struga"]
[Date "2021.09.21"]
[Round "4.6"]
[White "Toncheva, Nadya"]
[Black "Abdumalik, Zhansaya"]
[Result "0-1"]
[WhiteElo "2178"]
[BlackElo "2502"]
[Annotator "ChessBase"]
[PlyCount "106"]
[EventDate "2021.09.18"]
[EventType "team-tourn"]
[EventCountry "MKD"]
[SourceTitle "playchess.com"]
[Source "ChessBase"]
[SourceQuality "1"]
[TimeControl "40/5400+30:1800+30"]

1. e4 {[%emt 0:00:02]} c6 {[%emt 0:00:05]} 2. d4 {[%emt 0:00:05]} d5 {[%emt 0:
00:06]} 3. Nc3 {[%emt 0:00:04]} dxe4 {[%emt 0:00:09]} 4. Nxe4 {[%emt 0:00:06]}
Nf6 {[%emt 0:00:07]} 5. Nxf6+ {[%emt 0:00:04]} exf6 {[%emt 0:00:08]} 6. c3 {
[%emt 0:00:03]} Bd6 {[%emt 0:01:40]} 7. Bd3 {[%emt 0:00:04]} O-O {[%emt 0:00:
11]} 8. Qc2 {[%emt 0:00:02]} Re8+ {[%emt 0:00:17]} 9. Ne2 {[%emt 0:00:03]} h5 {
[%emt 0:00:10]} 10. O-O {[%emt 0:00:05]} h4 {[%emt 0:00:13]} 11. h3 {[%emt 0:
00:06]} Nd7 {[%emt 0:00:34]} 12. Bf4 {[%emt 0:03:58]} Nf8 {[%emt 0:04:22]} 13.
Bxd6 {[%emt 0:02:06]} Qxd6 {[%emt 0:00:02]} 14. Rad1 {[%emt 0:06:27]} Bd7 {
[%emt 0:03:40]} 15. c4 {[%emt 0:01:28]} f5 {[%emt 0:01:13]} 16. Qd2 {[%emt 0:
06:57]} Qf6 {[%emt 0:02:14]} 17. f4 {[%emt 0:10:02]} Rad8 {[%emt 0:02:06]} 18.
Rfe1 {[%emt 0:09:37]} Bc8 {[%emt 0:05:25]} 19. Qa5 {[%emt 0:14:17]} a6 {
[%emt 0:04:57]} 20. Qc5 {[%emt 0:00:58]} g6 {[%emt 0:01:56]} 21. Bc2 {[%emt 0:
01:56]} Re3 {[%emt 0:03:32]} 22. Kf2 {[%emt 0:12:04]} Rde8 {[%emt 0:01:53]} 23.
Rd2 {[%emt 0:01:13]} g5 {[%emt 0:04:33]} 24. Red1 {[%emt 0:07:11]} gxf4 {
[%emt 0:03:47]} 25. Ng1 {[%emt 0:00:15]} Qg5 {[%emt 0:00:57]} 26. Nf3 {[%emt 0:
00:05]} Qg3+ {[%emt 0:00:37]} 27. Kf1 {[%emt 0:00:04]} Rxf3+ {[%emt 0:00:21]}
28. gxf3 {[%emt 0:00:05]} Qxf3+ {[%emt 0:00:07]} 29. Kg1 {[%emt 0:00:10]} Qxh3
{[%emt 0:03:29]} 30. Rg2+ {[%emt 0:03:01]} Ng6 {[%emt 0:00:10]} 31. Qd6 {
[%emt 0:01:02]} Kg7 {[%emt 0:01:24]} 32. Rf1 {[%emt 0:03:34]} f3 {[%emt 0:00:
23]} 33. Rgf2 {[%emt 0:00:22]} Re4 {[%emt 0:14:56]} 34. Bxe4 {[%emt 0:01:10]}
fxe4 {[%emt 0:00:06]} 35. Qh2 {[%emt 0:00:17]} Qg3+ {[%emt 0:02:23]} 36. Qxg3 {
[%emt 0:04:55]} hxg3 {[%emt 0:00:05]} 37. Rxf3 {[%emt 0:00:03]} exf3 {[%emt 0:
00:11]} 38. Rxf3 {[%emt 0:00:02]} f5 {[%emt 0:01:10]} 39. Rxg3 {[%emt 0:00:05]}
f4 {[%emt 0:00:04]} 40. Rd3 {[%emt 0:00:00]} Kf6 {[%emt 0:00:00]} 41. Kf2 {
[%emt 0:01:41]} Kf5 {[%emt 0:00:24]} 42. Rd1 {[%emt 0:04:28]} Ke4 {[%emt 0:00:
40]} 43. b3 {[%emt 0:01:30]} Bg4 {[%emt 0:01:19]} 44. Rg1 {[%emt 0:00:08]} Bf5
{[%emt 0:00:25]} 45. Rd1 {[%emt 0:00:40]} f3 {[%emt 0:00:36]} 46. Re1+ {
[%emt 0:00:07]} Kf4 {[%emt 0:00:18]} 47. Re8 {[%emt 0:01:30]} c5 {[%emt 0:00:
56]} 48. dxc5 {[%emt 0:01:04]} Ne5 {[%emt 0:00:08]} 49. Rf8 {[%emt 0:00:49]}
Nd3+ {[%emt 0:00:20]} 50. Kf1 {[%emt 0:00:03]} Ke4 {[%emt 0:00:09]} 51. Rh8 {
[%emt 0:00:18]} Nxc5 {[%emt 0:00:18]} 52. b4 {[%emt 0:00:29]} Ke3 {[%emt 0:00:
07]} 53. Rh2 {[%emt 0:00:57]} Ne4 {[%emt 0:00:32]} 0-1

[Event "25th European Club Cup Women 2021"]
[Site "Struga"]
[Date "2021.09.21"]
[Round "4.7"]
[White "Osmak, Iulija"]
[Black "Galunova, Tsveta"]
[Result "1-0"]
[WhiteElo "2428"]
[BlackElo "2190"]
[Annotator "NA"]
[PlyCount "59"]
[EventDate "2021.09.18"]
[EventType "team-tourn"]
[EventCountry "MKD"]
[SourceTitle "playchess.com"]
[Source "ChessBase"]
[SourceQuality "1"]
[TimeControl "40/5400+30:1800+30"]

1. d4 {[%emt 0:00:04]} d5 {[%emt 0:00:20]} 2. c4 {[%emt 0:00:05]} dxc4 {
[%emt 0:00:28]} 3. Nf3 {[%emt 0:00:09]} Nf6 {[%emt 0:00:06]} 4. e3 {[%emt 0:00:
04]} e6 {[%emt 0:00:05]} 5. Bxc4 {[%emt 0:00:04]} c5 {[%emt 0:00:12]} 6. O-O {
[%emt 0:00:08]} Nc6 {[%emt 0:00:08]} 7. Nc3 {[%emt 0:02:03]} a6 {[%emt 0:03:43]
} 8. Bb3 {[%emt 0:17:33]} b5 {[%emt 0:09:56]} 9. d5 {[%emt 0:06:23]} exd5 {
[%emt 0:02:03]} 10. Nxd5 {[%emt 0:00:04]} c4 {[%emt 0:02:49]} 11. Nxf6+ {
[%emt 0:00:07]} Qxf6 {[%emt 0:00:08]} 12. Bc2 {[%emt 0:00:03]} Bb7 {[%emt 0:06:
11]} 13. e4 {[%emt 0:17:27]} Rd8 {[%emt 0:06:53]} 14. Qe2 {[%emt 0:00:57]} Ne5
{[%emt 0:01:46]} 15. Nxe5 {[%emt 0:04:35]} Qxe5 {[%emt 0:00:04]} 16. f4 {
[%emt 0:13:09]} Bc5+ {[%emt 0:03:22]} 17. Kh1 {[%emt 0:00:23]} Qf6 {[%emt 0:14:
24]} 18. e5 {[%emt 0:05:39]} Qc6 {[%emt 0:01:34]} 19. f5 {[%emt 0:00:36]} O-O {
[%emt 0:01:57]} 20. Rf3 {[%emt 0:05:35]} Bd4 {[%emt 0:12:31]} 21. Rg3 {[%emt 0:
06:02]} Rfe8 {[%emt 0:06:59]} 22. Bf4 {[%emt 0:00:54]} Bxb2 {[%emt 0:11:03]}
23. Qg4 {[%emt 0:04:13]} g6 {[%emt 0:01:01]} 24. Re1 {[%emt 0:01:17]} Kh8 {
[%emt 0:12:36]} 25. Qh4 {[%emt 0:04:13]} Rd7 {[%emt 0:01:40]} 26. fxg6 {
[%emt 0:05:16]} fxg6 {[%emt 0:00:02]} 27. Rxg6 {[%emt 0:00:23]} Re6 {[%emt 0:
00:28]} 28. Rg4 {[%emt 0:00:44]} Re8 {[%emt 0:01:26]} 29. Bg5 {[%emt 0:01:00]}
Bxe5 {[%emt 0:00:32]} 30. Bf6+ {[%emt 0:01:22]} 1-0

[Event "25th European Club Cup Women 2021"]
[Site "Struga"]
[Date "2021.09.21"]
[Round "4.8"]
[White "Trajkovska, Sanja"]
[Black "Buksa, Nataliya"]
[Result "0-1"]
[WhiteElo "1968"]
[BlackElo "2417"]
[Annotator "NA"]
[PlyCount "66"]
[EventDate "2021.09.18"]
[EventType "team-tourn"]
[EventCountry "MKD"]
[SourceTitle "playchess.com"]
[Source "ChessBase"]
[SourceQuality "1"]
[TimeControl "40/5400+30:1800+30"]

1. e4 {[%emt 0:00:03]} c5 {[%emt 0:00:06]} 2. b4 {[%emt 0:00:08]} cxb4 {
[%emt 0:04:19]} 3. a3 {[%emt 0:00:06]} e5 {[%emt 0:01:22]} 4. Nf3 {[%emt 0:00:
33]} Nc6 {[%emt 0:00:10]} 5. Bb2 {[%emt 0:00:58]} d5 {[%emt 0:01:54]} 6. exd5 {
[%emt 0:02:45]} Qxd5 {[%emt 0:00:05]} 7. axb4 {[%emt 0:03:35]} Bxb4 {[%emt 0:
01:36]} 8. Nc3 {[%emt 0:04:33]} Bxc3 {[%emt 0:09:11]} 9. Bxc3 {[%emt 0:00:34]}
Nf6 {[%emt 0:00:05]} 10. Ra4 {[%emt 0:12:59]} O-O {[%emt 0:00:54]} 11. Bc4 {
[%emt 0:01:44]} Qe4+ {[%emt 0:01:20]} 12. Kf1 {[%emt 0:06:16]} Qf5 {[%emt 0:06:
39]} 13. h3 {[%emt 0:05:18]} e4 {[%emt 0:03:46]} 14. Nd4 {[%emt 0:07:22]} Nxd4
{[%emt 0:19:08]} 15. Bxd4 {[%emt 0:00:05]} Be6 {[%emt 0:00:02]} 16. Bxe6 {
[%emt 0:14:34]} Qxe6 {[%emt 0:00:04]} 17. Qa1 {[%emt 0:00:22]} a6 {[%emt 0:03:
27]} 18. h4 {[%emt 0:07:29]} Rfd8 {[%emt 0:03:53]} 19. Bc3 {[%emt 0:11:59]} b5
{[%emt 0:00:56]} 20. Bxf6 {[%emt 0:07:26]} Qxf6 {[%emt 0:08:41]} 21. Qxf6 {
[%emt 0:00:24]} gxf6 {[%emt 0:00:04]} 22. Rxe4 {[%emt 0:00:17]} Rxd2 {[%emt 0:
00:04]} 23. Re2 {[%emt 0:00:40]} Rd4 {[%emt 0:00:18]} 24. Rh3 {[%emt 0:01:44]}
a5 {[%emt 0:00:07]} 25. c3 {[%emt 0:04:33]} Ra4 {[%emt 0:02:03]} 26. Rb2 {
[%emt 0:00:49]} Ra1+ {[%emt 0:00:06]} 27. Ke2 {[%emt 0:00:14]} a4 {[%emt 0:00:
15]} 28. Rd3 {[%emt 0:04:55]} a3 {[%emt 0:03:07]} 29. Rbd2 {[%emt 0:00:04]} Kg7
{[%emt 0:00:30]} 30. Rd1 {[%emt 0:00:17]} Re8+ {[%emt 0:02:17]} 31. Kf3 {
[%emt 0:00:49]} Rxd1 {[%emt 0:00:14]} 32. Rxd1 {[%emt 0:00:04]} Rc8 {[%emt 0:
00:02]} 33. Rc1 {[%emt 0:01:56]} b4 {[%emt 0:00:05]} 0-1

[Event "25th European Club Cup Women 2021"]
[Site "Struga"]
[Date "2021.09.21"]
[Round "4.9"]
[White "Saduakassova, Dinara"]
[Black "Radeva, Viktoria"]
[Result "1-0"]
[WhiteElo "2489"]
[BlackElo "2350"]
[Annotator "ChessBase"]
[PlyCount "77"]
[EventDate "2021.09.18"]
[EventType "team-tourn"]
[EventCountry "MKD"]
[SourceTitle "playchess.com"]
[Source "ChessBase"]
[SourceQuality "1"]
[TimeControl "40/5400+30:1800+30"]

1. Nf3 {[%emt 0:00:14]} d5 {[%emt 0:00:06]} 2. g3 {[%emt 0:00:06]} c6 {[%emt 0:
00:16]} 3. Bg2 {[%emt 0:00:09]} Bg4 {[%emt 0:00:07]} 4. d3 {[%emt 0:00:49]} e6
{[%emt 0:00:19]} 5. O-O {[%emt 0:00:25]} Bd6 {[%emt 0:00:18]} 6. e4 {[%emt 0:
04:40]} Ne7 {[%emt 0:00:23]} 7. Nbd2 {[%emt 0:05:34]} O-O {[%emt 0:00:26]} 8.
Qe1 {[%emt 0:02:58]} Nd7 {[%emt 0:00:30]} 9. Nh4 {[%emt 0:03:38]} Bh5 {[%emt 0:
03:48]} 10. h3 {[%emt 1:16:57]} Ng6 {[%emt 0:04:51]} 11. Nxg6 {[%emt 0:00:00]}
Bxg6 {[%emt 1:24:56]} 12. f4 {[%emt 0:01:00]} f6 {[%emt 0:00:30]} 13. Kh1 {
[%emt 0:00:00]} Qc7 {[%emt 0:00:00]} 14. Nf3 {[%emt 0:01:00]} Rae8 {[%emt 0:01:
00]} 15. Nh4 {[%emt 0:00:00]} Bf7 {[%emt 0:00:00]} 16. Qe2 {[%emt 0:01:00]} f5
{[%emt 0:00:00]} 17. Bd2 {[%emt 0:00:30]} Be7 {[%emt 0:00:00]} 18. Nf3 {
[%emt 0:00:30]} Bh5 {[%emt 0:02:00]} 19. Bc3 {[%emt 0:00:30]} Bf6 {[%emt 0:00:
00]} 20. e5 {[%emt 0:00:00]} Bd8 {[%emt 0:00:00]} 21. Qf2 {[%emt 0:00:00]} c5 {
[%emt 0:00:00]} 22. Nh2 {[%emt 0:00:00]} b5 {[%emt 0:00:00]} 23. Bd2 {[%emt 0:
00:00]} h6 {[%emt 0:02:30]} 24. g4 {[%emt 0:02:30]} fxg4 {[%emt 0:00:00]} 25.
hxg4 {[%emt 0:00:00]} Bg6 {[%emt 0:00:00]} 26. Qg3 {[%emt 0:01:00]} Bh7 {
[%emt 0:01:30]} 27. Rae1 {[%emt 0:00:30]} Kh8 {[%emt 0:00:00]} 28. Nf3 {
[%emt 0:00:00]} Nb6 {[%emt 0:00:00]} 29. Bh3 {[%emt 0:00:00]} d4 {[%emt 0:00:
00]} 30. g5 {[%emt 0:01:30]} Qf7 {[%emt 0:00:00]} 31. Nh4 {[%emt 0:00:00]} Qe7
{[%emt 0:00:00]} 32. Rg1 {[%emt 0:00:00]} Rg8 {[%emt 0:00:00]} 33. Bg2 {
[%emt 0:00:00]} Ref8 {[%emt 0:00:46]} 34. Re2 {[%emt 0:00:00]} Nd5 {[%emt 0:02:
04]} 35. Be4 {[%emt 0:00:00]} Ne3 {[%emt 0:01:04]} 36. Bxe3 {[%emt 0:00:00]}
dxe3 {[%emt 0:00:09]} 37. g6 {[%emt 0:00:00]} Qxh4+ {[%emt 0:00:15]} 38. Qxh4 {
[%emt 0:00:00]} Bxh4 {[%emt 0:00:03]} 39. gxh7 {[%emt 0:00:00]} 1-0